000 00409nam a2200157Ia 4500
008 230711s9999||||xx |||||||||||||| ||und||
041 _aENG
082 _a621
_bRO-F
100 _aRoberts,Michael J
245 0 _aFundamentals of signal and system
250 _a1st . Ed.
260 _c2007
_aNew Delhi
_bTata McGraw Hill Education Limited
300 _a761
650 _aElectronics Engineering
942 _cBK
999 _c4812
_d4812